<?xml version="1.0" encoding="UTF-8"?><?xml-stylesheet type="text/xsl" href="static/style.xsl"?><OAI-PMH xmlns="http://www.openarchives.org/OAI/2.0/" xmlns:xsi="http://www.w3.org/2001/XMLSchema-instance" xsi:schemaLocation="http://www.openarchives.org/OAI/2.0/ http://www.openarchives.org/OAI/2.0/OAI-PMH.xsd"><responseDate>2026-06-07T19:15:54Z</responseDate><request verb="GetRecord" identifier="oai:docta.ucm.es:20.500.14352/124626" metadataPrefix="marc">https://docta.ucm.es/rest/oai/request</request><GetRecord><record><header><identifier>oai:docta.ucm.es:20.500.14352/124626</identifier><datestamp>2025-10-07T23:57:03Z</datestamp><setSpec>com_20.500.14352_14</setSpec><setSpec>col_20.500.14352_15</setSpec></header><metadata><record xmlns="http://www.loc.gov/MARC21/slim" xmlns:dcterms="http://purl.org/dc/terms/" xmlns:xsi="http://www.w3.org/2001/XMLSchema-instance" xmlns:doc="http://www.lyncode.com/xoai" xsi:schemaLocation="http://www.loc.gov/MARC21/slim http://www.loc.gov/standards/marcxml/schema/MARC21slim.xsd">
   <leader>00925njm 22002777a 4500</leader>
   <datafield ind2=" " ind1=" " tag="042">
      <subfield code="a">dc</subfield>
   </datafield>
   <datafield ind2=" " ind1=" " tag="720">
      <subfield code="a">Jimena López, Samuel</subfield>
      <subfield code="e">author</subfield>
   </datafield>
   <datafield ind2=" " ind1=" " tag="720">
      <subfield code="a">Vicente Sánchez, Javier</subfield>
      <subfield code="e">author</subfield>
   </datafield>
   <datafield ind2=" " ind1=" " tag="720">
      <subfield code="a">Benito Sáez, Santiago</subfield>
      <subfield code="e">author</subfield>
   </datafield>
   <datafield ind2=" " ind1=" " tag="720">
      <subfield code="a">Marquina Díaz, Domingo</subfield>
      <subfield code="e">author</subfield>
   </datafield>
   <datafield ind2=" " ind1=" " tag="720">
      <subfield code="a">Santos de la Sen, Antonio</subfield>
      <subfield code="e">author</subfield>
   </datafield>
   <datafield ind2=" " ind1=" " tag="260">
      <subfield code="c">2025-09</subfield>
   </datafield>
   <datafield ind2=" " ind1=" " tag="520">
      <subfield code="a">We applied targeted metabolic inhibitors to 145 Lachancea thermotolerans strains to uncover fermentation traits with direct relevance to wine quality. Oxamate, a lactate dehydrogenase inhibitor, reduced lactic acid and total
titratable acidity by 21% and 26%, respectively, while increasing succinic acid and pH without affecting ethanol levels, offering a promising strategy to fine-tune wine freshness and balance. Notably, industrial grape-associated
strains (clusters C4–C6) maintained robust growth under oxamate stress, unlike wild strains, positioning oxamate resistance as a practical marker for selecting high-performing, acidifying yeasts for winemaking. Additional
inhibitors such as metformin shifted redox metabolism, significantly enhancing glycerol (+25%) and acetic acid (+319%) production. Transcriptomic analyses showed that OXA alone, and even more so the DSF + OXA
combination, repressed LDH2 and upregulated GPD1 and oxidative phosphorylation genes, whereas MET caused only moderate changes. This integrated phenomic-transcriptomic approach not only provides valuable tools for
yeast screening but also defines a roadmap for optimizing wine composition through the precision selection of L. thermotolerans strains.</subfield>
   </datafield>
   <datafield ind1="8" ind2=" " tag="024">
      <subfield code="a">Jimena-López S, Vicente J, Benito S, Marquina D, Santos A. Metabolic-inhibitor profiling links phenotype and transcriptome of Lachancea thermotolerans to wine fermentation chemistry. Food Chemistry: Molecular Sciences 2025;11:100301. https://doi.org/10.1016/j.fochms.2025.100301.</subfield>
   </datafield>
   <datafield ind1="8" ind2=" " tag="024">
      <subfield code="a">10.1016/j.fochms.2025.100301</subfield>
   </datafield>
   <datafield ind1="8" ind2=" " tag="024">
      <subfield code="a">https://hdl.handle.net/20.500.14352/124626</subfield>
   </datafield>
   <datafield ind1="8" ind2=" " tag="024">
      <subfield code="a">2666-5662</subfield>
   </datafield>
   <datafield ind1="8" ind2=" " tag="024">
      <subfield code="a">https://doi.org/10.1016/j.fochms.2025.100301</subfield>
   </datafield>
   <datafield ind1="8" ind2=" " tag="024">
      <subfield code="a">https://www.sciencedirect.com/science/article/pii/S2666566225000620</subfield>
   </datafield>
   <datafield ind2="0" ind1="0" tag="245">
      <subfield code="a">Metabolic-inhibitor profiling links phenotype and transcriptome of Lachancea thermotolerans to wine fermentation chemistry</subfield>
   </datafield>
</record></metadata></record></GetRecord></OAI-PMH>